000 05285nam a2200469 i 4500
003 EG-GICUC
005 20260204160136.0
008 260204s2025 ua |||f m||| 00| 0 ara d
040 _aEG-GICUC
_cEG-GICUC
_dEG-GICUC
_erda
_bara
041 0 _aara
049 _aإهداء
082 0 4 _a343.112282062
_221
097 _aPh.D
099 _aLaw 10 PHD 2025
100 0 _aعز العرب محمود السيد عبد الجليل
_eمؤلف.
245 1 0 _aالحماية الجنائية للآثار والتراث الثقافي (دراسة مقارنة) /
_cإعداد عز العرب محمود السيد عبد الجليل؛ إشراف الأستاذ الدكتور طارق أحمد فتحي سرور.
264 0 _aالقاهرة:
_bكلية الحقوق- جامعة القاهرة،
_c2025.
300 _a455صفحة؛
_c25 سم.
336 _atext
_2rda content
337 _aComputer
_2rda media
338 _aOnline Resource
_2rda carrier
500 _aرسائل نسخة منفردة
500 _aتحتوي علي صفحة عنوان وملخص باللغة الإنجليزية
502 _a أطروحة (دكتوراة)- جامعة القاهرة، كلية الحقوق، قسم القانون الجنائي، 2025.
504 _aببليوجرافيا: صفحات 425-442
520 3 _aقد تناول بحثنا هذا أحد وأهم الموضوعات القانونية والتي مازالت تحتاج الكثير والمزيد من البحث من الفقهاء والباحثين لهذا الموضوع. وقد تناول هذا البحث الحماية الجنائية للآثار دراسة مقارنة مستهلين عن إيجاد حلول كافية لحماية التراث الأثري والحضاري وإلقاء الضوء المخاطر الاعتداء على الآثار الأثري والحضاري وإلقاء الضوء لمخاطر الاعتداء على الآثار والحث على أهمية الممتلكات الثقافية والأثرية والحفاظ عليها وزيادة الوعي والإدراك لمفهوم جرائم الآثار والتطور التاريخي للحماية القانونية للتراث الثقافي والأثري، وقد بدأ النظام القانوني لحماية الآثار منذ زمن بعيد يمتد إلى أكثر من مائة وخمسين عاماً عقب نشأة الدولة المصرية الحديثة في القرن التاسع عشر من خلال مرسوم 15 أغسطس لسنة ۱۸۳٥ في شأن إجراءات حماية الآثار ثم صدرت لائحة الأشياء الأثرية عام ١٨٦٩ ثم لائحة الآثار عام ١٨٧٤ والتي تميزت هذه اللائحة بوضع قواعد لتنظيم الآثار المصرية على نمط التشريعات الحديثة ثم تعاقبت بعد ذلك بوضع قواعد لتنظيم الآثار المصرية على نمط التشريعات الحديثة ثم تعاقبت بعد ذلك إصدار المراسيم والقوانين واللوائح التي تؤكد على حظر تصدير الآثار وحمايتها واستمرار من الدولة من سياستها للحفاظ على الآثار صدر القانون رقم ١٤ لسنة ۱۹۱۲ وهو بعد أول قانون لحماية الآثار بصورة شاملة ثم صدر القانون رقم ٢١٥ لسنة ١٩٥١ وكان عنوان حماية الآثار وصولاً إلى صدور القانون رقم ۱۱۷ لسنة ۱۹۸۳ بشأن قانون حماية الآثار وتعديلاته التي ألحقت به القانون رقم 3 لسنة ۲۰۱۰ والقانون رقم ٦١ لسنة ۲۰۱۰ والقانون رقم ۹۱ لسنة ۲۰۱۸ والقانون رقم ۲۰ لسنة ٢٠٢٠م. كما شمل هذا البحث الأحكام العامة للحماية الجنائية الموضوعية والإجرائية للآثار، وكشف مصادر الحماية الجنائية للآثار، ودراسة حماية التراث الثقافي والأثري في التشريعات الوطنية وفي المعاهدات الدولية.
546 _aالملخص باللغة العربية
650 0 4 _aالقانون الجنائي
653 _aمخاطر الإعتداء علي الآثار
653 _aأهمية الممتلكات الثقافية والأثرية
653 _aحظر تصدير الأثار وحمايتها
653 _aمصادر الحماية الجنائية للأثار
653 _aحماية التراث الأثري والطبيعي في المعاهدات الدولية
653 _aالتطور التاريخي للحماية القانونية للتراث الثقافي والأثري
655 4 _aرسائل جامعية
_zجامعة القاهرة
_xالقانون الجنائي
700 0 _aطارق أحمد فتحي سرور
_eمشرف.
710 2 _aجامعة القاهرة.
_bكلية الحقوق
856 _uhttps://fll.law.cu.edu.eg/fulltext/th/T10-04300.pdf
900 _b2025
_Uجامعة القاهرة
_Fكلية الحقوق
_Dقسم القانون الجنائي
905 _a64
942 _2ddc
_cTH
_e21
_n0
999 _c60939